000 00596nab#a2200217#c#4500
999 _c88020
_d88020
003 IEF
005 20191210184221.0
008 950704s1975 uuu|| #####0 b| |u
040 _aIEF
_cES-MaIEF
100 1 _aNieto de Alba, Ubaldo
_931321
245 _aSolvencia, beneficio y control de la empresa financiera
_c Ubaldo Nieto de Alba
260 _c1975
650 4 _aAHORRO
_99340
650 4 _aBENEFICIOS
_932314
650 4 _aCONTROL
_940745
650 4 _aEMPRESAS
_943504
773 0 _tHacienda pública española
_w34570
_g37, p. 107-118
942 _2udc
942 _2udc